|
|
|
|
| LEADER |
00000cas a2200000 c 4500 |
| 001 |
618320016 |
| 003 |
DE-627 |
| 005 |
20260207115652.0 |
| 007 |
cr ||||||||||| |
| 008 |
100210c20099999gw z| m|o 0 |0ger c |
| 016 |
7 |
|
|a 1000142493
|2 DE-101
|
| 016 |
7 |
|
|a 2538427-2
|2 DE-600
|
| 022 |
|
|
|a 2190-1317
|
| 035 |
|
|
|a (DE-627)618320016
|
| 035 |
|
|
|a (DE-576)434774979
|
| 035 |
|
|
|a (DE-599)ZDB2538427-2
|
| 035 |
|
|
|a (OCoLC)724090291
|
| 040 |
|
|
|a DE-627
|b ger
|c DE-627
|e rakwb
|
| 041 |
|
|
|a ger
|
| 044 |
|
|
|c XA-DE
|
| 082 |
0 |
4 |
|a 050
|q DE-101
|
| 082 |
0 |
4 |
|a 940
|q DE-600
|
| 084 |
|
|
|a NQ 6050
|q SEPA
|2 rvk
|0 (DE-625)rvk/128685:
|
| 084 |
|
|
|a NQ 2620
|q SEPA
|2 rvk
|0 (DE-625)rvk/128293:
|
| 084 |
|
|
|a 15.38
|2 bkl
|
| 222 |
|
0 |
|a Quellen und Darstellungen zur Zeitgeschichte
|
| 245 |
0 |
0 |
|a Quellen und Darstellungen zur Zeitgeschichte
|
| 264 |
3 |
1 |
|a München
|b Oldenbourg
|c 2009-
|
| 336 |
|
|
|a Text
|b txt
|2 rdacontent
|
| 337 |
|
|
|a Computermedien
|b c
|2 rdamedia
|
| 338 |
|
|
|a Online-Ressource
|b cr
|2 rdacarrier
|
| 362 |
0 |
|
|a Nachgewiesen 57.2009 -
|
| 363 |
0 |
1 |
|a 57
|i 2009
|
| 500 |
|
|
|a Gesehen am 02.07.15
|
| 655 |
|
7 |
|a Monografische Reihe
|0 (DE-588)4179998-7
|0 (DE-627)104628669
|0 (DE-576)209995106
|2 gnd-content
|
| 776 |
1 |
|
|x 0481-3545
|
| 776 |
0 |
8 |
|i Erscheint auch als
|n Druck-Ausgabe
|t Quellen und Darstellungen zur Zeitgeschichte
|d Berlin : De Gruyter Oldenbourg, 1957
|w (DE-627)130108049
|w (DE-600)503417-6
|w (DE-576)000221740
|x 0481-3545
|k Non-Electronic
|
| 856 |
4 |
0 |
|u https://www.degruyterbrill.com/view/serial/234676
|x Verlag
|7 1
|
| 889 |
|
|
|w (DE-603)220550794
|
| 936 |
r |
v |
|a NQ 6050
|b Ostzone
|k Geschichte
|k Geschichte seit 1918
|k Deutsche Geschichte seit 1945
|k Deutschland unter alliierter Militärverwaltung
|k Ostzone
|0 (DE-627)1270707949
|0 (DE-625)rvk/128685:
|0 (DE-576)200707949
|
| 936 |
r |
v |
|a NQ 2620
|b Westfeldzug 1940 (Frankreich und Schlacht um England)
|k Geschichte
|k Geschichte seit 1918
|k Geschichte des Zweiten Weltkrieges
|k Kriegsausbruch und Kriegsverlauf
|k Westfeldzug 1940 (Frankreich und Schlacht um England)
|0 (DE-627)127075078X
|0 (DE-625)rvk/128293:
|0 (DE-576)20075078X
|
| 936 |
b |
k |
|a 15.38
|j Europäische Geschichte nach 1945
|q SEPA
|0 (DE-627)181569671
|
| 936 |
s |
n |
|a a100
|2 mzub
|
| 951 |
|
|
|a ST
|
| ELC |
|
|
|a 1
|
| ORI |
|
|
|a SA-MARC-krimdok_ob001.raw
|
| SPR |
|
|
|a 1
|t KRI
|